एकटा मी सर्वस्वी...आणि पैजण छुम् छुम् / (Record no. 54276)

MARC details
000 -LEADER
fixed length control field 01191nam a22002417a 4500
005 - DATE AND TIME OF LATEST TRANSACTION
control field 20110722153014.0
008 - FIXED-LENGTH DATA ELEMENTS--GENERAL INFORMATION
fixed length control field 110722t xxu||||| |||| 00| 0 mar d
010 ## - LCCN (DPL NO)
LC control number MAR-21123
020 ## - INTERNATIONAL STANDARD BOOK NUMBER
Terms of availability 120.00
035 ## - SYSTEM CONTROL NUMBER
System control number MR-13781
037 ## - SOURCE OF ACQUISITION
Source of stock number/acquisition DBAD/PUB
040 ## - CATALOGING SOURCE
Original cataloging agency DPL
Language of cataloging MR
082 ## - DEWEY DECIMAL CLASSIFICATION NUMBER
Classification number 891.46301
100 ## - MAIN ENTRY--PERSONAL NAME
Personal name देशपांडे,सुरेश
9 (RLIN) 29957
245 ## - TITLE STATEMENT
Title एकटा मी सर्वस्वी...आणि पैजण छुम् छुम् /
Statement of responsibility, etc सुरेश देशपांडे
246 ## - VARYING FORM OF TITLE
Title proper/short title Ekata Mee Sarvasavi Aani Penjan Cham Cham
Remainder of title by Suresh Deshpande
260 ## - PUBLICATION, DISTRIBUTION, ETC. (IMPRINT)
Place of publication, distribution, etc डोंबिवली((पश्चिम)
Name of publisher, distributor, etc आरती प्रकाशन
Date of publication, distribution, etc 2011
270 ## - ADDRESS
Address बी/12,आसावरी,गुप्ते पथ,विष्णूनगर
City डोंबिवली(पश्चिम)
300 ## - PHYSICAL DESCRIPTION
Extent 131पृ
Dimensions 22सेमी(अजिल्द)
700 ## - ADDED ENTRY--PERSONAL NAME
9 (RLIN) 29999
942 ## - ADDED ENTRY ELEMENTS (KOHA)
Source of classification or shelving scheme Dewey Decimal Classification
Item type Marathi Books
Classification part 891.46301
Call number suffix देशपां
Holdings
Withdrawn status Lost status Source of classification or shelving scheme Damaged status Not for loan Collection code Home library Current library Date acquired Source of acquisition Cost, normal purchase price Total Checkouts Full call number Barcode Date last seen Copy number Cost, replacement price Koha item type
    Dewey Decimal Classification   Not For Loan Fiction D.B.Act.Division D.B.Act.Division 22/07/2011 DBAD / PUB 120.00   891.46301 देशपां MR-13781 22/07/2011 1 120.00 Marathi Books

© Delhi Public Library
Hit Counter
free hit counter